El hospital de afuera (Record no. 4493)

MARC details
000 -CABECERA
campo de control de longitud fija 00845nam a2200265 a 4500
001 - NÚMERO DE CONTROL
campo de control BRCA_4796
005 - FECHA Y HORA DE LA ÚLTIMA TRANSACCIÓN
campo de control 20190320204817.0
008 - DATOS DE LONGITUD FIJA--INFORMACIÓN GENERAL
campo de control de longitud fija 111010s1950----sp-a######---#000-0#spa-#
041 ## - CÓDIGO DE LENGUA
Código de lengua del texto/banda sonora o título independiente spa
044 ## - CÓDIGO DEL PAÍS DE LA ENTIDAD EDITORA/PRODUCTORA
Código MARC del país sp
050 #4 - SIGNATURA TOPOGRÁFICA DE LA BIBLIOTECA DEL CONGRESO
Número de clasificación NE2362
Número de documento/Ítem .F43 1950
245 10 - MENCIÓN DE TÍTULO
Título El hospital de afuera
Resto del título fundación Tavera-Lerma
Mención de responsabilidad, etc. introducción y notas de Luis M. Feduchi ; fotografías Juan Pando.
260 ## - PUBLICACIÓN, DISTRIBUCIÓN, ETC.
Lugar de publicación, distribución, etc. Madrid
Nombre del editor, distribuidor, etc. Afrodisio Aguado
Fecha de publicación, distribución, etc. 1950
300 ## - DESCRIPCIÓN FÍSICA
Extensión 63 p.
Otras características físicas il., 63 láminas
Dimensiones 19 cm.
440 #0 - MENCIÓN DE SERIE/PUNTO DE ACCESO ADICIONAL--TÍTULO
Título El mueble en España
Designación de volumen o secuencia 5
9 (RLIN) 12145
500 ## - NOTA GENERAL
Nota general Estado físico: Sobrecubierta deteriorada
500 ## - NOTA GENERAL
Nota general CFG64
546 ## - NOTA DE LENGUA/LENGUAJE
Nota de lengua/lenguaje Texto en francés e inglés
650 14 - PUNTO DE ACCESO ADICIONAL DE MATERIA--TÉRMINO DE MATERIA
Término de materia o nombre geográfico como elemento de entrada Arte decorativo
Subdivisión geográfica España
9 (RLIN) 11945
650 14 - PUNTO DE ACCESO ADICIONAL DE MATERIA--TÉRMINO DE MATERIA
Término de materia o nombre geográfico como elemento de entrada Muebles
Subdivisión geográfica España
9 (RLIN) 3568
700 1# - PUNTO DE ACCESO ADICIONAL--NOMBRE DE PERSONA
Nombre de persona Feduchi, Luis M.
9 (RLIN) 11958
700 1# - PUNTO DE ACCESO ADICIONAL--NOMBRE DE PERSONA
Nombre de persona Pando, Juan
Término indicativo de función/relación Fotógrafo
9 (RLIN) 12146
902 ## - CATALOGADOR
Iniciales GFM
942 ## - ELEMENTOS DE PUNTO DE ACCESO ADICIONAL (KOHA)
Fuente del sistema de clasificación o colocación Library of Congress Classification
Tipo de ítem Koha Libros
Holdings
Estado de retiro Estado de pérdida Estado dañado No para préstamo Localización permanente Ubicación/localización actual Fecha de adquisición Número de inventario Total de préstamos Signatura topográfica completa Código de barras Fecha visto por última vez Precio válido a partir de Tipo de ítem Koha
El ejemplar forma parte de la colección y puede ser consultado según las políticas vigentes.       Biblioteca del Museo Franz Mayer (Rogerio Casas-Alatriste) Biblioteca del Museo Franz Mayer (Rogerio Casas-Alatriste) 11/10/2010 CFG64   NE2362 .F43 1950 (CFG64) 4827 22/03/2019 22/03/2019 Libros